| 000 | 00589nam a2200181Ia 4500 | ||
|---|---|---|---|
| 001 | 20320 | ||
| 005 | 20260306172757.0 | ||
| 008 | 260306t2007||||xx |||||||||||||| ||spa|| | ||
| 041 | _aESP | ||
| 082 |
_a343.2 _bB45 |
||
| 100 |
_aBernal Pulido, Carlos _eAUT |
||
| 245 | 0 |
_aEl principio de proporcionalidad y los derechos fundamentales: _bEl principio de proporcionalidad como criterio para determinar el contenido de los derechos fundamentales vinculante para el legislador |
|
| 260 | _c2007 | ||
| 300 |
_a883 p _c21 cm. |
||
| 650 | _aGEN | ||
| 654 | _aCDE | ||
| 942 |
_cLIB _dJUS _fJUS _2ddc _n |
||
| 999 |
_c20320 _d20320 |
||